Statistics for Vegetables By Picture In 15 Seconds

Click here to take the quiz!

General Stats

  • This quiz has been taken 69 times
  • The average score is 10 of 12

Answer Stats

Answer% Correct
Onion
96%
Potato
96%
Pumpkin
96%
Carrot
95%
Eggplant
91%
Garlic
88%
Cabbage
84%
Spinach
81%
Cucumber
79%
Radish
77%
Turnip
74%
Okra
61%

Score Distribution

Percentile by Number Answered

Percent of People with Each Score

Your Score History

You have not taken this quiz